000 00917nam a2200253Ia 4500
003 OSt
005 20221005111715.0
006 a|||||r|||| 00| 0
007 ta
008 221004b |||||||| |||| 00| 0 hin d
024 _a112943
037 _cTextual
040 _aCRL
_cCRL
_bhin
041 _2hin
_ahin
082 _a2:97, 152M1
100 _aए. तेजोमूर्ति
_9169030
245 0 _aप्र्रलेखीय ग्रन्थ वर्णना
246 _aPrralekhīya grantha varṇanā
260 _aभोपाल
_bमध्य प्रदेश हिंदी ग्रन्थ अकादमी भारत
_c1981
300 _a210पृ0
_ccm.
650 _aपुस्तकालय-सूचना प्रौद्योगिकी
942 _h2:97, 152M1
_cTEXL
_2cc
999 _c1022657
_d1022657